000 00758nam a2200217 i 4500
001 170024
003 ES-MaACL
005 20230906214251.0
008 090114s1949 fr |||| | fre d
080 _a821.133.1-293
100 1 _aWillemetz, Albert.
_9116888
245 1 0 _aPhi-Phi
_b: opérette légère en 3 actes /
_cAlbert Willemetz et Fabien Sollar.
260 _aParis :
_b[s.n.],
_c1949 (
_fPersan-Beaumont)
300 _a36 p. :
_bil. ;
_c27 cm.
490 1 _aOpera : supplément théatral ;
_v8
500 _aCubierta il. con fot.
700 1 _aSollar, Fabien.
_9139180
830 0 _aOpera : supplément théatral ;
_v8
_9188914
852 4 _aES-MaACL
_jE-12381(5)
_9R.140535
_z. - Biblioteca Jacinto Martínez Lacalle
999 _c170024
_d170024